000 00469nam a2200157Ia 4500
008 240729s9999 xx 000 0 und d
022 _a1945-7243
245 0 _aInquiry: The Journal of Health Care Organization, Provision, and Financing
260 _aUnited States
260 _bSAGE Publishing
650 _a Public aspects of medicine
650 _aMedicine
856 _uhttps://doaj.org/toc/8ca86236ed59421886834cfc7439d0e3
942 _2ddc
942 _cDOAJEJ
999 _c67715
_d67715
945 _a1
_bMadushi Gamage
_c1
_dMadushi Gamage